Statystyki dla Stolice świata na literę L

Kliknij tutaj aby rozwiązać quiz!

Ogólne statystyki

  • Ten quiz został rozwiązany 7 967 razy
  • Średni wynik to 6 z 11

Statystyki odpowiedzi

PaństwoStolica% Poprawnych
PortugaliaLizbona
86%
LuksemburgLuksemburg
81%
Wielka BrytaniaLondyn
76%
PeruLima
70%
SłoweniaLublana
68%
BoliwiaLa Paz
52%
AngolaLuanda
40%
ZambiaLusaka
32%
GabonLibreville
28%
TogoLomé
28%
MalawiLilongwe
24%

Rozkład punktacji

Percentyl według liczby udzielonych odpowiedzi

Procent ludzi z każdym wynikiem

Twoja historia wyników

Nie rozwiązałeś tego quizu